| 000 | 00720nam a2200217Ia 4500 | ||
|---|---|---|---|
| 999 |
_c17561 _d17561 |
||
| 082 | _a025.04 ONL; | ||
| 245 | 0 | _aOn-line information processing through mini and micro computers | |
| 260 |
_aNew Delhi _bSociety for Information Science _c1987 |
||
| 300 | _aix, 267p. | ||
| 440 | _aSISTRANS; 8 | ||
| 504 | _aProceedings of the sixth annual convention and conference, CEERI, Pilani, December 4-6, 1986 | ||
| 650 | _aInformation storage and retrieval systems | ||
| 650 | _aDatabase management | ||
| 650 | _aComputer science | ||
| 650 | _aInformation science | ||
| 650 | _aOnline data processing | ||
| 650 | _aLibrary science - Data processing | ||
| 700 | _aNagarajan, S. | ||
| 700 | _aJain, H.C. | ||
| 942 | _cBK | ||